| 000 | 00586nam a2200229Ia 4500 | ||
|---|---|---|---|
| 003 | IT-RoPAU | ||
| 008 | 120407s9999 xx 000 0 und d | ||
| 040 | _aIT-RoPAU | ||
| 040 | _cIT-RoPAU | ||
| 041 | _aita | ||
| 100 | _aFriedrich Meinecke | ||
| 245 | _aCosmopolitismo e stato nazionale. Studi sulla genesi dello stato nazionale tedesco. | ||
| 250 | _aPerugia - Venezia | ||
| 260 | _aLa Nuova Italia | ||
| 260 | _c1930 | ||
| 300 | _c22 cm | ||
| 490 | _aStorici antichi e moderni | ||
| 490 | _v1 | ||
| 600 | _a"1° v. 312 p. 2° v. 223 p." | ||
| 942 | _cBK | ||
| 999 |
_c17496 _d17496 |
||